[Event "Druzynowe Mistrzostwa Polski Juniorow - II liga"]
[Site "Sypniewo k. Jastowia"]
[Date "2024-06-17"]
[Round "3.26"]
[White "Jablonski, Antoni"]
[Black "Gawlik, Olivier"]
[Result "1-0"]
[WhiteTitle "I+"]
[BlackTitle "I"]
[WhiteElo "1938"]
[BlackElo "1765"]

1. d4 Nf6 2. c4 g6 3. g3 Bg7 4. Bg2 O-O 5. Nc3 d6 6. Nf3 Nc6 7. d5 Na5 8. b3 c5
9. Bb2 a6 10. O-O Rb8 11. a4 Bd7 12. Ra3 e6 13. Nd2 exd5 14. Nxd5 Nxd5 15. Bxg7
Kxg7 16. cxd5 f5 17. Qa1+ Qf6 18. f4 Rfe8 19. Qxf6+ Kxf6 20. Kf2 b5 21. axb5 Bxb5
22. Re1 Nb7 23. e4 Nd8 24. Raa1 Nf7 25. Re3 Re7 26. h3 Rbe8 27. Rae1 h6 28. exf5
gxf5 29. Bf3 Rxe3 30. Rxe3 Rxe3 31. Kxe3 Nd8 32. Nc4 Nb7 33. Be2 Bxc4 34. Bxc4
a5 35. Kd3 a4 36. bxa4 Na5 37. Kc3 h5 38. Bd3 h4 39. gxh4 Kg6 40. Bc2 1-0

[Event "Druzynowe Mistrzostwa Polski Juniorow - II liga"]
[Site "Sypniewo k. Jastowia"]
[Date "2024-06-17"]
[Round "3.27"]
[White "Haladaj, Adam"]
[Black "Kowalski, Aleksander"]
[Result "1-0"]
[WhiteTitle "I"]
[BlackTitle "II"]
[WhiteElo "1873"]
[BlackElo "1504"]

1. e4 e5 2. Nf3 Nc6 3. d4 exd4 4. Bc4 Bc5 5. c3 Nf6 6. e5 d5 7. Bb5 Ne4 8. cxd4
Bb6 9. Nc3 Bg4 10. Be3 O-O 11. h3 Bxf3 12. gxf3 Ng5 13. f4 Ne4 14. Rc1 Ba5 15.
Bd3 Nb4 16. Bb1 Qe7 17. a3 Nxc3 18. bxc3 Nc6 19. Qc2 Qh4 20. Qb3 Ne7 21. Kd2 Rab8
22. Rcg1 c6 23. Rg4 Qh5 24. Rhg1 g6 25. Rg5 Qh4 26. f5 Kh8 27. f6 Nf5 28. Bxf5
gxf5 29. Rxf5 Rg8 30. Rfg5 Rxg5 31. Rxg5 b5 32. Qd1 Rg8 33. Rxg8+ Kxg8 34. Qg1+
Kf8 35. Qg7+ Ke8 36. Qg8+ 1-0

[Event "Druzynowe Mistrzostwa Polski Juniorow - II liga"]
[Site "Sypniewo k. Jastowia"]
[Date "2024-06-17"]
[Round "3.28"]
[White "Modzelan, Wojciech"]
[Black "Szymczyk, Jan"]
[Result "1/2-1/2"]
[WhiteTitle "II"]
[BlackTitle "II"]
[WhiteElo "1568"]
[BlackElo "1520"]

1. e4 d5 2. exd5 Nf6 3. d4 Nxd5 4. c4 Nf6 5. Nf3 Bg4 6. Be3 e6 7. Bd3 Be7 8. O-O
O-O 9. Nc3 Nbd7 10. h3 Bh5 11. Be2 Nb6 12. Ne5 Bxe2 13. Qxe2 Bb4 14. c5 Nbd7 15.
Bg5 Qc8 16. Nxd7 Nxd7 17. Nd1 c6 18. Be7 Re8 19. Bd6 b5 20. a3 Ba5 21. b4 Bc7
22. Bxc7 Qxc7 23. a4 a6 24. axb5 axb5 25. Nc3 Nf6 26. Qb2 Qb7 27. Rxa8 Rxa8 28.
Ra1 Rxa1+ 29. Qxa1 Nd5 30. Nxd5 exd5 31. Qa5 h6 32. Qd8+ 1/2-1/2

[Event "Druzynowe Mistrzostwa Polski Juniorow - II liga"]
[Site "Sypniewo k. Jastowia"]
[Date "2024-06-17"]
[Round "3.29"]
[White "Banasiak, Adrianna"]
[Black "Babinska, Liwia"]
[Result "1-0"]
[WhiteTitle "I+"]
[BlackTitle "I"]
[WhiteElo "1774"]
[BlackElo "1702"]

1. e4 c6 2. Nc3 d5 3. Nf3 Bg4 4. h3 Bxf3 5. Qxf3 e6 6. exd5 cxd5 7. Bb5+ Nd7 8.
O-O Ngf6 9. d4 Be7 10. Qg3 Qb6 11. Bxd7+ Nxd7 12. Ne2 h5 13. Qxg7 Bf6 14. Qg3
O-O-O 15. Bf4 Bxd4 16. Nxd4 Qxd4 17. Rfd1 h4 18. Rxd4 hxg3 19. Bxg3 Nc5 20. c4
Ne4 21. Bh2 Rd7 22. cxd5 exd5 23. Rad1 Rh5 24. Rc1+ Kd8 25. f3 Ng5 26. Rg4 f5
27. Ra4 a6 28. Be5 Ne6 29. Bf6+ Ke8 30. Rh4 Rxh4 31. Bxh4 Nf4 32. Rc2 d4 33. Bg5
Ne6 34. Bd2 Kf7 35. g4 fxg4 36. hxg4 Nc7 37. Kf2 Nb5 38. Rc4 Nd6 39. Rxd4 Ne4+
40. Rxe4 Rxd2+ 41. Re2 Rd4 42. Kg3 Kf6 43. f4 Rd3+ 44. Kg2 Rd4 45. Kf3 Rd3+ 46.
Ke4 Rd7 47. g5+ Kg6 48. Kf3 Rd3+ 49. Kg4 Rd4 50. Re6+ Kf7 51. Rb6 1-0

[Event "Druzynowe Mistrzostwa Polski Juniorow - II liga"]
[Site "Sypniewo k. Jastowia"]
[Date "2024-06-17"]
[Round "3.31"]
[White "Pulit, Kacper"]
[Black "Klim, Filip"]
[Result "1-0"]
[WhiteTitle "II+"]
[BlackTitle "k"]
[WhiteElo "1728"]
[BlackElo "1914"]

1. e4 c5 2. Nf3 d6 3. c3 Nf6 4. h3 g6 5. Bd3 Bg7 6. Bc2 O-O 7. d4 e6 8. O-O b5
9. Bg5 Qb6 10. Nbd2 Bb7 11. Re1 Nc6 12. Be3 Nd7 13. Nb3 Rfd8 14. Re2 a5 15. Rd2
a4 16. dxc5 Nxc5 17. Nbd4 Na5 18. b3 axb3 19. axb3 e5 20. Nxb5 Qxb5 21. Bxc5 Qxc5
22. b4 Qxc3 23. bxa5 d5 24. Rb1 Ra7 25. exd5 Qxa5 26. Bb3 Qc5 27. Rc2 Qe7 28.
Re2 Ba8 29. Bc4 Rad7 30. Qe1 Qc5 31. Bb3 f6 32. Rc2 Qf8 33. Rd1 Kh8 34. Qa5 e4
35. Ne1 Qe7 36. d6 Rxd6 37. Rc7 Qf8 38. Rf7 Qe8 39. Rxd6 Rxd6 40. Qc7 Rc6 41.
Re7 Qc8 42. Qa7 Ra6 43. Rc7 Rxa7 44. Rxc8+ Bf8 45. Rxf8+ Kg7 46. Rd8 h6 47. Nc2
Bc6 48. Nd4 Bd7 49. Ne6+ Bxe6 50. Bxe6 Ra1+ 51. Kh2 f5 52. Bc4 Rc1 53. Rd7+ Kf6
54. Bb5 Rc2 55. Kg1 Rc1+ 56. Bf1 f4 57. Rd6+ Kg5 58. Re6 Kf5 59. Re8 Re1 60. g4+
Kg5 61. Kg2 f3+ 62. Kg1 h5 63. gxh5 Kxh5 64. Re5+ Kh6 65. Rc5 Rd1 66. Rc4 Re1
67. Rc3 Kg5 68. Re3 Rxe3 69. fxe3 Kf5 70. Kf2 Ke5 71. h4 Kf5 72. Bh3+ Kf6 73.
Kg3 g5 74. h5 Kg7 75. Kg4 Kh6 76. Bf1 1-0

[Event "Druzynowe Mistrzostwa Polski Juniorow - II liga"]
[Site "Sypniewo k. Jastowia"]
[Date "2024-06-17"]
[Round "3.32"]
[White "Urych, Krzysztof"]
[Black "Penar, Marcin"]
[Result "1-0"]
[WhiteTitle "I"]
[BlackTitle "II"]
[WhiteElo "1782"]
[BlackElo "1715"]

1. e4 c5 2. Nf3 e6 3. d4 cxd4 4. Nxd4 Qb6 5. Nb3 Qc7 6. Bd3 Nc6 7. O-O Nf6 8. Nc3
a6 9. Be3 d6 10. f4 b5 11. Qf3 Bb7 12. Rae1 Ne7 13. a3 Ng6 14. Nd4 e5 15. Nf5
Ne7 16. Bxb5+ Nc6 17. fxe5 dxe5 18. Ba4 O-O-O 19. Rd1 Nd4 20. Nxd4 exd4 21. Rxd4
Bd6 22. Qf5+ Kb8 23. Rxd6 Rxd6 24. Bf4 Qb6+ 25. Kh1 Ka8 26. Bxd6 Qxd6 27. e5 Qd2
28. Qf2 Qxf2 29. Rxf2 Ng4 30. Rxf7 Ne3 31. e6 1-0

[Event "Druzynowe Mistrzostwa Polski Juniorow - II liga"]
[Site "Sypniewo k. Jastowia"]
[Date "2024-06-17"]
[Round "3.33"]
[White "Balis, Sebastian"]
[Black "Lesik, Sebastian"]
[Result "1-0"]
[WhiteTitle "I"]
[BlackTitle "I"]
[WhiteElo "1675"]
[BlackElo "1845"]

1. e4 c5 2. Nf3 e6 3. c3 Nf6 4. e5 Nd5 5. d4 cxd4 6. cxd4 d6 7. Bb5+ Bd7 8. Bxd7+
Nxd7 9. O-O Be7 10. exd6 Bxd6 11. Nc3 Nxc3 12. bxc3 Rc8 13. Qb3 Nb6 14. Ba3 O-O
15. Ne5 Qe7 16. Bxd6 Qxd6 17. Rac1 Qd5 18. Qa3 a6 19. Rfd1 Nc4 20. Qb3 Rfd8 21.
Nd3 a5 22. a4 Rd6 23. Rb1 Rb6 24. Qa2 Qc6 25. Rb3 Rd8 26. Re1 Rc8 27. Rc1 Qc7
28. Rxb6 Qxb6 29. Nc5 Qc7 30. Qxc4 b6 31. Rb1 g6 32. Rb5 Qa7 33. g3 bxc5 34. Rxc5
Rxc5 35. dxc5 Kf8 36. Qd4 Ke8 37. Qd6 Qd7 38. c4 Qxa4 39. c6 Qb4 40. Qd7+ Kf8
41. c7 Qb1+ 42. Kg2 Qe4+ 43. Kf1 Qb1+ 44. Ke2 Qc2+ 45. Ke1 Qc1+ 46. Ke2 Qc2+ 47.
Kf3 Qf5+ 48. Ke3 Qe5+ 49. Kd3 Qf5+ 50. Ke3 Qe5+ 51. Kd3 Qf5+ 52. Kc3 Qf6+ 53.
Kb3 Qf3+ 54. Ka4 Qc3 55. c8=Q+ Kg7 56. Qc5 e5 57. Kb5 Qb3+ 58. Ka6 Qb8 59. Kxa5
Qa8+ 60. Qda7 Qd8+ 61. Kb4 Qd2+ 62. Kb5 Qb2+ 63. Qb4 Qe2 64. Qb8 Qe4 65. Q8f8+
Kf6 66. Qbe7+ Kf5 67. Qfxf7+ Kg4 68. Qh4# 1-0

[Event "Druzynowe Mistrzostwa Polski Juniorow - II liga"]
[Site "Sypniewo k. Jastowia"]
[Date "2024-06-17"]
[Round "3.34"]
[White "Mroczkowski, Adam"]
[Black "Schiller, Marcin"]
[Result "1-0"]
[WhiteTitle "I"]
[BlackTitle "II+"]
[WhiteElo "1714"]
[BlackElo "1636"]

1. e4 c5 2. Nf3 e6 3. d4 cxd4 4. Nxd4 Nc6 5. Nc3 Qc7 6. Ndb5 Qb8 7. Be3 a6 8. Bb6
axb5 9. Nxb5 Bb4+ 10. c3 Ba5 11. Nc7+ Qxc7 12. Bxc7 Bxc7 13. Qg4 Kf8 14. Bb5 Nf6
15. Qe2 g6 16. O-O d5 17. exd5 exd5 18. a4 Kg7 19. b4 Re8 20. Qb2 Bd7 21. a5 Ne5
22. Be2 Nc4 23. Bxc4 dxc4 24. Rfe1 Nd5 25. Qd2 Be6 26. Qd4+ Nf6 27. Qc5 Rec8 28.
Qb5 Bd7 29. Qg5 Bf5 30. Qh4 Bd3 31. Re7 Bd8 32. Rxb7 Ne4 33. Qh3 Ng5 34. Qd7 Bf5
35. Qd2 Ne4 36. Qd5 Ng5 37. f3 Be6 38. Qd2 h5 39. h4 Nh7 40. Re1 Nf8 41. Qd6 Kg8
42. Qd4 Rab8 43. Rxb8 Rxb8 44. Qd6 Rc8 45. Qa6 Rb8 46. b5 Bxh4 47. Re4 Bf6 48.
b6 Bxc3 49. b7 Bd5 50. Re7 Bd4+ 51. Kf1 c3 52. Qd3 Bf6 53. Rc7 Bxb7 54. a6 Bxa6
55. Qxa6 Be5 56. Rc8 Rb1+ 57. Ke2 Kg7 58. Qa5 Rb2+ 59. Ke3 Bf6 60. Rxc3 Rxg2 61.
Rc7 Ne6 62. Rd7 Bg5+ 63. Ke4 Re2+ 64. Kd5 Bf4 65. Kc6 Rc2+ 66. Kd5 h4 67. Qa7
Rc5+ 68. Ke4 Rf5 69. Re7 Ng5+ 70. Kd3 h3 71. Qd4+ Kh7 72. Re8 Kh6 73. Qf2 Nxf3
74. Qxf3 h2 75. Qh3+ Kg5 76. Rh8 Rd5+ 77. Ke4 Re5+ 78. Kd4 Ra5 79. Rh7 f6 80.
Rb7 Ra1 81. Qg2+ Kf5 82. Rg7 Ke6 83. Qd5# 1-0

[Event "Druzynowe Mistrzostwa Polski Juniorow - II liga"]
[Site "Sypniewo k. Jastowia"]
[Date "2024-06-17"]
[Round "3.35"]
[White "Kretowicz, Daria"]
[Black "Dzierzgowska, Jagoda"]
[Result "1/2-1/2"]
[WhiteTitle "I"]
[BlackTitle "I"]
[WhiteElo "1544"]
[BlackElo "1458"]

1. e4 e6 2. d4 d5 3. Nd2 c5 4. exd5 exd5 5. Ngf3 Nf6 6. Bb5+ Bd7 7. Bxd7+ Nbxd7
8. O-O Be7 9. dxc5 Nxc5 10. Nb3 Nxb3 11. axb3 O-O 12. Be3 a6 13. Qd3 Qc7 14. c4
dxc4 15. bxc4 Rad8 16. Qc2 Bc5 17. Bxc5 Qxc5 18. Rfe1 Rfe8 19. Rad1 Rxd1 20. Rxd1
b5 21. b3 bxc4 22. bxc4 a5 23. Re1 Rxe1+ 24. Nxe1 h6 25. h3 Nd7 26. Nd3 Qc7 27.
Qa4 Kh7 28. Qc2 Kg8 29. Qa4 Kh7 30. Qc2 Kg8 31. Qa4 Kh7 1/2-1/2

[Event "Druzynowe Mistrzostwa Polski Juniorow - II liga"]
[Site "Sypniewo k. Jastowia"]
[Date "2024-06-17"]
[Round "3.37"]
[White "Matela, Krzysztof"]
[Black "Przybylski, Bartosz"]
[Result "0-1"]
[WhiteTitle "I"]
[BlackTitle "k"]
[WhiteElo "2024"]
[BlackElo "2085"]

1. c4 Nf6 2. Nc3 g6 3. g3 Bg7 4. Bg2 O-O 5. e4 d6 6. Nge2 c5 7. O-O Nc6 8. h3 a6
9. d3 Rb8 10. f4 Ne8 11. Be3 b5 12. Qd2 Na5 13. cxb5 axb5 14. Rae1 b4 15. Nd1
Nc7 16. f5 c4 17. d4 d5 18. fxg6 fxg6 19. Rxf8+ Bxf8 20. Bf4 dxe4 21. Bxe4 Rb5
22. Ne3 e5 23. Nd5 exf4 24. Nxc7 Qxc7 25. Nxf4 Nc6 26. Kh2 Bh6 27. Bd5+ Rxd5 28.
Nxd5 Bxd2 29. Re8+ Kf7 30. Nxc7 c3 31. bxc3 bxc3 32. Rxc8 c2 33. Ne6 c1=Q 34.
Rxc6 Qf1 35. Rc2 Qe2+ 0-1

[Event "Druzynowe Mistrzostwa Polski Juniorow - II liga"]
[Site "Sypniewo k. Jastowia"]
[Date "2024-06-17"]
[Round "3.38"]
[White "Polak, Aleksander"]
[Black "Misiek, Stanislaw"]
[Result "0-1"]
[WhiteTitle "II"]
[BlackTitle "I"]
[WhiteElo "1554"]
[BlackElo "1805"]

1. d4 Nf6 2. c4 g6 3. Nf3 Bg7 4. g3 O-O 5. Bg2 d5 6. Nbd2 c5 7. cxd5 Nxd5 8. O-O
cxd4 9. Nc4 Nc6 10. Bf4 Be6 11. Nce5 Nxf4 12. gxf4 Qb6 13. Qd2 Rac8 14. a3 Rfd8
15. Rac1 Bb3 16. Bh3 e6 17. Kh1 Bh6 18. Ng4 Bg7 19. f5 exf5 20. Nh6+ Kh8 21. Nxf7+
0-1

[Event "Druzynowe Mistrzostwa Polski Juniorow - II liga"]
[Site "Sypniewo k. Jastowia"]
[Date "2024-06-17"]
[Round "3.39"]
[White "Majcher, Igor"]
[Black "Kosecki, Kacper"]
[Result "1-0"]
[WhiteTitle "I"]
[BlackTitle "III"]
[WhiteElo "2003"]
[BlackElo "1444"]

1. e4 c5 2. Nf3 d6 3. d4 cxd4 4. Nxd4 Nf6 5. f3 e6 6. c4 Be7 7. Nc3 Nc6 8. Be3
O-O 9. Qd2 a6 10. Be2 Qc7 11. Rc1 b6 12. Nd5 exd5 13. cxd5 a5 14. Nxc6 Qb7 15.
Nxe7+ Qxe7 16. Bxb6 a4 17. O-O Rb8 18. Bd4 Bd7 19. Rc7 Qd8 20. Bxf6 gxf6 21. Rfc1
Bb5 22. Bxb5 Rxb5 23. Qd4 Ra5 24. h3 a3 25. b3 Kg7 26. Kh1 Qb8 27. Qe3 Qb4 28.
Qf4 Ra6 29. Qg4+ Kh8 30. Rxf7 Rg8 31. Qh5 Qd2 32. Qxh7# 1-0

[Event "Druzynowe Mistrzostwa Polski Juniorow - II liga"]
[Site "Sypniewo k. Jastowia"]
[Date "2024-06-17"]
[Round "3.41"]
[White "Dura, Anna"]
[Black "Sliwicka, Weronika"]
[Result "0-1"]
[WhiteTitle "I"]
[BlackTitle "I"]
[WhiteElo "1618"]
[BlackElo "1795"]

1. Nf3 d5 2. d4 Nf6 3. c4 dxc4 4. Qa4+ Bd7 5. Qxc4 e6 6. Nc3 a6 7. Bf4 Bd6 8. Bxd6
cxd6 9. e3 O-O 10. Bd3 Bc6 11. Be2 Re8 12. O-O Nbd7 13. Qb3 Nb6 14. a4 Nbd5 15.
Nd2 Nxc3 16. bxc3 Ne4 17. Nxe4 Bxe4 18. f3 Bc6 19. c4 Qg5 20. Rad1 d5 21. Rf2
Rad8 22. f4 Qe7 23. c5 f6 24. Rdf1 e5 25. fxe5 fxe5 26. Rf7 Qxf7 27. Rxf7 Kxf7
28. Qb1 g6 29. Qb2 Re7 30. Qb6 Rde8 31. Bxa6 exd4 32. exd4 Bxa4 33. Bxb7 Re1+
34. Kf2 R1e2+ 35. Kg3 R8e3+ 36. Kh4 Re4+ 37. g4 Rxd4 38. h3 h6 39. c6 Re3 40.
Qc7+ Re7 41. Qb6 Rd3 42. Qf2+ Kg8 43. Qh2 Kh7 44. Ba6 Rde3 45. c7 g5+ 0-1

[Event "Druzynowe Mistrzostwa Polski Juniorow - II liga"]
[Site "Sypniewo k. Jastowia"]
[Date "2024-06-17"]
[Round "3.42"]
[White "Terekhova, Svitlana"]
[Black "Wawrzyniak, Aleksandra"]
[Result "1-0"]
[WhiteTitle "III"]
[BlackTitle "II"]
[WhiteElo "1628"]
[BlackElo "1495"]

1. d4 c5 2. dxc5 e6 3. Nf3 Bxc5 4. Nc3 Nf6 5. Bg5 Be7 6. e3 Nc6 7. Bd3 d5 8. O-O
O-O 9. h3 h6 10. Bh4 Nd7 11. Bxe7 Qxe7 12. Re1 Nc5 13. Nd4 a6 14. Nxc6 bxc6 15.
a3 a5 16. Qf3 e5 17. e4 d4 18. Ne2 Be6 19. c3 Nb3 20. Rad1 c5 21. cxd4 cxd4 22.
Nc1 Nc5 23. b4 axb4 24. axb4 Nxd3 25. Nxd3 Bc4 26. Rb1 Rfb8 27. Qg3 Bxd3 28. Qxd3
Rxb4 29. g3 Rab8 30. f4 f6 31. Rxb4 Qxb4 32. Kf2 Qb2+ 33. Re2 Qb3 34. Rd2 Qxd3
35. Rxd3 Kf7 36. f5 g6 37. Kf3 gxf5 38. exf5 Re8 39. Ke4 h5 40. h4 1-0

[Event "Druzynowe Mistrzostwa Polski Juniorow - II liga"]
[Site "Sypniewo k. Jastowia"]
[Date "2024-06-17"]
[Round "3.43"]
[White "Sowa, Roch"]
[Black "Bochniak, Franciszek"]
[Result "0-1"]
[WhiteTitle "I"]
[BlackTitle "I++"]
[WhiteElo "1707"]
[BlackElo "1936"]

1. d4 Nf6 2. c4 e6 3. Nc3 Bb4 4. e3 b6 5. Bd3 Bb7 6. f3 Bxc3+ 7. bxc3 d6 8. Ne2
Nbd7 9. O-O O-O 10. e4 c5 11. Bg5 Qc7 12. Ng3 Rfe8 13. f4 cxd4 14. cxd4 e5 15.
fxe5 dxe5 16. d5 Bc8 17. Nf5 Kh8 18. Qf3 Ng8 19. Nxg7 Ba6 20. Nxe8 Rxe8 21. Qh5
Qc5+ 22. Kh1 Qd4 23. Rad1 Rf8 24. Rf3 f5 25. Rh3 Ndf6 26. Bxf6+ Nxf6 27. Qxf5
Bc8 28. Qf3 Bxh3 29. gxh3 Nd7 30. Be2 Rxf3 31. Rxd4 exd4 32. Bxf3 Ne5 33. Kg2
Kg7 34. Kf2 Nxc4 35. Be2 Ne5 36. Kg3 Kf6 37. Bg4 Nc4 38. Kf4 d3 39. d6 d2 40.
Be2 b5 41. e5+ Nxe5 42. Ke3 Nc4+ 43. Bxc4 d1=Q 0-1

[Event "Druzynowe Mistrzostwa Polski Juniorow - II liga"]
[Site "Sypniewo k. Jastowia"]
[Date "2024-06-17"]
[Round "3.44"]
[White "Lonski, Aleksander"]
[Black "Wolak, Maciej"]
[Result "0-1"]
[WhiteTitle "I+"]
[BlackTitle "II"]
[WhiteElo "1852"]
[BlackElo "1806"]

1. e4 c5 2. Nf3 g6 3. d4 cxd4 4. Qxd4 Nf6 5. e5 Nc6 6. Qa4 Nd5 7. Qe4 Nc7 8. Nc3
Bg7 9. Bf4 Ne6 10. Bg3 O-O 11. Bb5 a6 12. Bxc6 dxc6 13. O-O Qb6 14. Rab1 Bd7 15.
Bh4 Rfe8 16. b3 Rad8 17. Rbd1 Qc7 18. Qe3 b6 19. b4 Qb7 20. Rd2 c5 21. Nd5 Bc6
22. c4 Bxd5 23. cxd5 Rxd5 24. Qe4 Rd7 25. Qd5 Rc7 26. Qxb7 Rxb7 27. bxc5 bxc5
28. h3 h6 29. Bg3 Reb8 30. Rd3 Rb2 31. Ra3 R8b6 32. Rc1 Rc6 33. Ra4 c4 34. Raxc4
Rxc4 35. Rxc4 Rxa2 36. Rc8+ Kh7 37. Re8 Bf8 38. Nh4 Kg7 39. f3 a5 40. Kh2 a4 41.
f4 Nd4 42. Be1 e6 43. Rc8 Be7 44. Rc4 Nc2 45. Nf3 Ne3 46. Rd4 Rxg2+ 47. Kh1 Ra2
48. Bd2 Nd5 49. Rd3 a3 50. Bc3 Nxc3 51. Rxc3 Ra1+ 0-1

[Event "Druzynowe Mistrzostwa Polski Juniorow - II liga"]
[Site "Sypniewo k. Jastowia"]
[Date "2024-06-17"]
[Round "3.45"]
[White "Wolak, Jan"]
[Black "Jodlowski, Robert"]
[Result "1-0"]
[WhiteTitle "II"]
[BlackTitle "II"]
[WhiteElo "1793"]
[BlackElo "1675"]

1. e4 e6 2. d4 d5 3. Nd2 h6 4. Bd3 c5 5. exd5 exd5 6. Ngf3 c4 7. Be2 Nf6 8. O-O
Nc6 9. Re1 Be6 10. c3 Bd6 11. Nf1 g5 12. Ng3 Qc7 13. b3 O-O-O 14. bxc4 dxc4 15.
Qa4 Na5 16. Ba3 Bxg3 17. hxg3 Bd7 18. Qc2 b6 19. Be7 Nd5 20. Bxd8 Qxd8 21. Ne5
Qf6 22. Bxc4 Nxc4 23. Nxc4 h5 24. Qe4 Be6 25. Nd6+ Kd7 26. Nb5 h4 27. Qe5 Qh6
28. Qd6+ Kc8 29. Qc6+ Kd8 30. Re5 hxg3 31. Rxd5+ Ke7 32. Qc7+ Kf6 33. Qe5+ Kg6
34. Qxg5+ Qxg5 35. Rxg5+ Kxg5 36. fxg3 Bd7 37. Nd6 f5 38. Nf7+ Kg6 1-0

[Event "Druzynowe Mistrzostwa Polski Juniorow - II liga"]
[Site "Sypniewo k. Jastowia"]
[Date "2024-06-17"]
[Round "3.46"]
[White "Wites, Adam"]
[Black "Kopia, Julian"]
[Result "1-0"]
[WhiteTitle "II+"]
[BlackTitle "I"]
[WhiteElo "1657"]
[BlackElo "1563"]

1. d4 Nf6 2. c4 g6 3. Nc3 Bg7 4. e4 d6 5. Nf3 O-O 6. Be2 Nbd7 7. O-O e5 8. d5 Nc5
9. Bd3 Nh5 10. b4 Nxd3 11. Qxd3 Nf4 12. Bxf4 exf4 13. Rae1 g5 14. e5 g4 15. e6
Qf6 16. Ne4 Qg6 17. Nd4 Bxd4 18. e7 Be5 19. exf8=Q+ Kxf8 20. f3 gxf3 21. Qxf3
Bg4 22. Qf2 Bh3 23. Kh1 Bd4 24. Qf3 Bg4 25. Qxf4 Re8 26. Ng5 Rxe1 27. Rxe1 Bc3
28. Rf1 Bh5 29. g4 Be5 30. gxh5 Bxf4 31. hxg6 Bxg5 32. gxh7 Kg7 33. Rxf7+ Kh8
34. Rxc7 Bf6 35. Rxb7 Bg5 36. Rxa7 Be7 37. Ra8+ Kxh7 38. Ra7 Kg6 39. Rxe7 Kf6
40. Re1 Kf5 41. b5 Kf6 42. b6 Kf5 43. b7 Kf4 44. b8=Q Kf3 45. Qf8+ Kg4 46. Rg1+
Kh3 47. Qh6# 1-0

[Event "Druzynowe Mistrzostwa Polski Juniorow - II liga"]
[Site "Sypniewo k. Jastowia"]
[Date "2024-06-17"]
[Round "3.47"]
[White "Branka, Julia"]
[Black "Grzesik, Nikola"]
[Result "0-1"]
[WhiteTitle "I"]
[BlackTitle "I"]
[WhiteElo "1671"]
[BlackElo "1635"]

1. f4 f5 2. Nf3 Nf6 3. g3 g6 4. Bg2 Bg7 5. O-O O-O 6. Nc3 Nc6 7. d3 d6 8. a3 e5
9. fxe5 dxe5 10. e4 fxe4 11. dxe4 Qxd1 12. Rxd1 Bg4 13. Be3 Nxe4 14. Nxe4 Bxf3
15. Rd7 Bxg2 16. Kxg2 Rf7 17. Rad1 Nd4 18. Rxf7 Kxf7 19. Ng5+ Ke7 20. c3 Nf5 21.
Bc5+ Nd6 22. Ne4 Rd8 23. Ng5 h6 24. Nf3 b6 25. Bf2 Ne4 26. Re1 Nxf2 27. Kxf2 Rf8
28. Ke3 Kd6 29. Rd1+ Ke6 30. Nh4 g5 31. Nf3 g4 32. Ke2 gxf3+ 33. Kf2 e4 34. Re1
Ke5 35. Rd1 h5 36. h4 Bh6 37. Re1 e3+ 38. Kf1 e2+ 39. Kf2 Bd2 40. c4 Bxe1+ 41.
Kxe1 f2+ 42. Kxe2 f1=Q+ 43. Kd2 Rf2+ 44. Ke3 Qe2# 0-1

[Event "Druzynowe Mistrzostwa Polski Juniorow - II liga"]
[Site "Sypniewo k. Jastowia"]
[Date "2024-06-17"]
[Round "3.49"]
[White "Nowak, Maciej"]
[Black "Burda, Igor"]
[Result "1-0"]
[WhiteTitle "I"]
[BlackTitle "II+"]
[WhiteElo "1791"]
[BlackElo "1648"]

1. e4 c6 2. Nc3 d5 3. Nf3 Bg4 4. h3 Bh5 5. exd5 cxd5 6. g4 Bg6 7. Bb5+ Nc6 8. Ne5
Qc7 9. d4 e6 10. h4 f6 11. Nxg6 hxg6 12. Qd3 O-O-O 13. Bxc6 Qxc6 14. Qxg6 e5 15.
Qf5+ Kb8 16. Ne2 exd4 17. Bf4+ Ka8 18. O-O-O g5 19. hxg5 Rxh1 20. Rxh1 Qc4 21.
Qd3 Qxa2 22. c3 dxc3 23. Nxc3 Qa1+ 24. Qb1 Qxb1+ 25. Kxb1 d4 26. Nb5 a6 27. Nc7+
Ka7 28. Rh8 Bg7 29. Rh7 Rd7 30. Ne6 fxg5 31. Bxg5 d3 32. Rxg7 1-0

[Event "Druzynowe Mistrzostwa Polski Juniorow - II liga"]
[Site "Sypniewo k. Jastowia"]
[Date "2024-06-17"]
[Round "3.50"]
[White "Trusewicz, Jakub"]
[Black "Wieckowski, Igor"]
[Result "1/2-1/2"]
[WhiteTitle "II"]
[BlackTitle "I"]
[WhiteElo "1573"]
[BlackElo "1623"]

1. e4 c6 2. d4 d5 3. exd5 cxd5 4. Bd3 Nf6 5. c3 Nc6 6. h3 e6 7. Bf4 Be7 8. Qf3
Qb6 9. b3 Bd7 10. Ne2 Rc8 11. O-O O-O 12. Bc2 Na5 13. Nd2 Bb5 14. Rac1 Bxe2 15.
Qxe2 Ba3 16. Rcd1 Rxc3 17. Nb1 Rxc2 18. Qxc2 Bd6 19. Bxd6 Qxd6 20. Rfe1 Nc6 21.
Nc3 Rc8 22. Qd2 h6 23. Rc1 Qd7 24. Qd3 Rd8 25. Na4 Qe7 26. f4 Ne4 27. Nc5 f5 28.
Red1 Nd6 29. Re1 Ne4 30. Red1 Nd6 31. Re1 Ne4 32. Red1 Nd6 1/2-1/2

[Event "Druzynowe Mistrzostwa Polski Juniorow - II liga"]
[Site "Sypniewo k. Jastowia"]
[Date "2024-06-17"]
[Round "3.51"]
[White "Szmolke, Stanislaw"]
[Black "Trusewicz, Remigiusz"]
[Result "1-0"]
[WhiteTitle "I"]
[BlackTitle "II"]
[WhiteElo "1760"]
[BlackElo "1645"]

1. e4 c5 2. d4 cxd4 3. c3 Nf6 4. e5 Nd5 5. cxd4 e6 6. Bc4 Nb6 7. Bb3 d5 8. Nf3
Nc6 9. O-O Bd7 10. Nc3 Be7 11. Bc2 Qc7 12. a3 a6 13. Qd3 h6 14. Nd2 Na7 15. Qg3
g6 16. Bd3 O-O-O 17. Be2 Kb8 18. b4 Nc6 19. Nb3 h5 20. b5 h4 21. Qd3 Na7 22. bxa6
g5 23. Bd2 Nc4 24. a4 Rdg8 25. Rfb1 Bc6 26. axb7 g4 27. Nb5 Qd7 28. Nxa7 Kxa7
29. Na5 g3 30. fxg3 hxg3 31. h3 f6 32. Nxc4 dxc4 33. Qxc4 Bxb7 34. Bb4 Bxb4 35.
Qxb4 fxe5 36. Qb6+ Kb8 37. Bf3 Rg7 38. Bxb7 Qxb7 39. Qd6+ Ka8 40. Rxb7 Rxb7 41.
Qxe5 Rg8 42. Qxe6 Rgb8 43. Qa6+ Ra7 44. Qc6+ Rab7 45. Rb1 Ka7 46. Rxb7+ Rxb7 47.
Qxb7+ Kxb7 48. h4 1-0

[Event "Druzynowe Mistrzostwa Polski Juniorow - II liga"]
[Site "Sypniewo k. Jastowia"]
[Date "2024-06-17"]
[Round "3.52"]
[White "Cudyk, Oliwia"]
[Black "Wasiluk, Dominik"]
[Result "1/2-1/2"]
[WhiteTitle "I"]
[BlackTitle "I"]
[WhiteElo "1466"]
[BlackElo "1709"]

1. e4 c5 2. Nf3 e6 3. d4 cxd4 4. Nxd4 Nf6 5. Nc3 Nc6 6. Nxc6 bxc6 7. e5 Nd5 8.
Ne4 Qc7 9. f4 c5 10. c4 Nb4 11. a3 Nc6 12. Be3 Qa5+ 13. Kf2 Qb6 14. b4 a5 15.
bxc5 Qb2+ 16. Be2 Qb7 17. Nd6+ Bxd6 18. cxd6 Rb8 19. Qd3 Qb3 20. Rab1 Qxd3 21.
Bxd3 f6 22. Rxb8 Nxb8 23. Be4 O-O 24. Ke2 Ba6 25. Kd3 Rc8 26. Rc1 Nc6 27. Bd4
fxe5 28. fxe5 a4 29. Bc3 g6 30. Bxc6 Rxc6 31. Bb4 Rc8 32. Kd4 Bb7 33. Rc2 Bc6
34. Rf2 1/2-1/2

[Event "Druzynowe Mistrzostwa Polski Juniorow - II liga"]
[Site "Sypniewo k. Jastowia"]
[Date "2024-06-17"]
[Round "3.53"]
[White "Nowak, Zuzanna"]
[Black "Michalak, Katarzyna"]
[Result "1-0"]
[WhiteTitle "I++"]
[BlackTitle "I"]
[WhiteElo "1725"]
[BlackElo "1702"]

1. e4 c6 2. d4 d5 3. exd5 cxd5 4. Bd3 Nf6 5. c3 Bg4 6. Qb3 Qd7 7. Bf4 Nc6 8. Nd2
e6 9. Ngf3 a6 10. O-O Be7 11. Rfe1 O-O 12. Ne5 Nxe5 13. Bxe5 Bh5 14. Re3 Ng4 15.
Rh3 Bg6 16. Qc2 Nxe5 17. dxe5 Bxd3 18. Qxd3 h6 19. Qg3 Kh7 20. Qg4 Rac8 21. Re1
f5 22. exf6 Rxf6 23. Nf3 Rc4 24. Qg3 Rg6 25. Qxg6+ Kxg6 26. Ne5+ Kh7 27. Nxd7
1-0

[Event "Druzynowe Mistrzostwa Polski Juniorow - II liga"]
[Site "Sypniewo k. Jastowia"]
[Date "2024-06-17"]
[Round "3.54"]
[White "Tkacz, Katarzyna"]
[Black "Pietraszewska, Julia"]
[Result "1-0"]
[WhiteTitle "I"]
[BlackTitle "II"]
[WhiteElo "1666"]
[BlackElo "1482"]

1. e4 e5 2. Nf3 Nc6 3. Nc3 Nf6 4. d4 exd4 5. Nxd4 Bb4 6. Nxc6 bxc6 7. Bd3 d5 8.
exd5 O-O 9. dxc6 Bg4 10. f3 Nd5 11. Bd2 Re8+ 12. Kf2 Bc5+ 13. Kf1 Bh5 14. Nxd5
Qxd5 15. Be3 Rad8 16. Bxc5 Qxc5 17. Qd2 Qxc6 18. Qg5 Rd5 19. Qf4 Qb6 20. Qa4 Rde5
21. g4 Qxb2 22. Rd1 Bg6 23. Kg2 Bxd3 24. Rxd3 Re2+ 25. Kh3 Qxc2 26. Qxc2 Rxc2
27. a3 h6 28. Rb1 c5 29. Rd7 Rc8 30. Rxa7 Ra2 31. Rbb7 Rf8 32. Rc7 Rc2 33. a4
c4 34. a5 c3 35. a6 Re8 36. Rxf7 Ree2 37. Rxg7+ Kh8 38. Rgc7 Rxh2+ 39. Kg3 Rcg2+
40. Kf4 Rxg4+ 41. Kxg4 Rg2+ 42. Kh5 Rh2+ 43. Kg6 Rg2+ 44. Kf6 c2 45. Ra8+ Rg8
46. Rxg8+ Kxg8 47. a7 c1=Q 48. a8=R# 1-0